Vendéglátás- nappali fényben
Elmentve itt :
| Szerző: | |
|---|---|
| Dokumentumtípus: | Cikk |
| Megjelent: |
1983-09-06
|
| Sorozat: | Délmagyarország
73 No. 210 |
| Kulcsszavak: | vendéglátóipar |
| Online Access: | http://dmarchiv.bibl.u-szeged.hu/109322 |
| LEADER | 00452nab a2200157 i 4500 | ||
|---|---|---|---|
| 001 | delm109322 | ||
| 005 | 20190626103939.0 | ||
| 008 | 190626s1983 hu o 0|| hun d | ||
| 040 | |a SZTE Délmagyarország Archívum |b hun | ||
| 041 | |a hun | ||
| 100 | 1 | |a Papp Zoltán | |
| 245 | 1 | 0 | |a Vendéglátás- nappali fényben |h [elektronikus dokumentum] / |c Papp Zoltán |
| 260 | |c 1983-09-06 | ||
| 300 | |a 5 | ||
| 490 | 0 | |a Délmagyarország |v 73 No. 210 | |
| 695 | |a vendéglátóipar | ||